[Event "Wch U18 Girls"]
[Site "Durban"]
[Date "2014.09.23"]
[Round "5"]
[White "Colantuono, Virginia"]
[Black "Wang, Yan"]
[Result "1-0"]
[WhiteElo "1982"]
[BlackElo "1691"]
[PlyCount "77"]
[EventDate "2014.09.20"]
[EventType "swiss"]
[EventRounds "11"]
[EventCountry "RSA"]
[SourceTitle "CBM 162 Extra"]
[Source "ChessBase"]
[SourceDate "2014.10.17"]
[SourceVersion "1"]
[SourceVersionDate "2014.10.17"]
[SourceQuality "1"]

1. Nf3 Nf6 2. c4 c5 3. g3 g6 4. Nc3 Bg7 5. Bg2 Nc6 6. 0-0 0-0 7. a3 d6 8. Rb1 Bf5 9. d3 Qd7 10. Bd2 Bh3 11. b4 Bxg2 12. Kxg2 b6 13. e3 Rac8 14. Qe2 d5 15. bxc5 bxc5 16. cxd5 Nxd5 17. Ne4 Nd8 18. Rfc1 Ne6 19. Nfg5 Nxg5 20. Nxg5 Nf6 21. Nf3 Rfd8 22. Rb3 Qd5 23. Rc4 Rb8 24. Rxb8 Rxb8 25. e4 Qc6 26. Ne5 Qb5 27. Qe3 Qb2 28. Rxc5 Qxa3 29. Nc6 Ng4 30. Qg5 Bf6 31. Qxg4 Qxc5 32. Nxb8 Qd6 33. Qc8+ Kg7 34. Bc3 e5 35. Nd7 Qxd3 36. Nxf6 Kxf6 37. Qc6+ Ke7 38. Bxe5 a5 39. Bf6+ 1-0

[Event "Wch U18 Girls"]
[Site "Durban"]
[Date "2014.09.21"]
[Round "2"]
[White "Colantuono, Virginia"]
[Black "Styazhkina, Anna"]
[Result "0-1"]
[WhiteElo "1982"]
[BlackElo "2203"]
[PlyCount "76"]
[EventDate "2014.09.20"]
[EventType "swiss"]
[EventRounds "11"]
[EventCountry "RSA"]
[SourceTitle "CBM 162 Extra"]
[Source "ChessBase"]
[SourceDate "2014.10.17"]
[SourceVersion "1"]
[SourceVersionDate "2014.10.17"]
[SourceQuality "1"]

1. Nf3 g6 2. c4 c5 3. g3 Bg7 4. Nc3 Nc6 5. Bg2 e6 6. 0-0 Nge7 7. d3 d5 8. cxd5 exd5 9. e4 d4 10. Ne2 0-0 11. Nf4 b5 12. a4 Rb8 13. axb5 Rxb5 14. Nd2 Na5 15. Nc4 Nec6 16. Ra3 Bd7 17. Nd5 Nb4 18. Bf4 Nxd5 19. exd5 Nxc4 20. dxc4 Ra5 21. Qa1 Rxa3 22. Qxa3 Qb6 23. Ra1 Re8 24. Bf3 Bh3 25. Bd2 Bf6 26. Ba5 Qd6 27. b4 d3 28. Rd1 d2 29. bxc5 Qa6 30. Qb4 Bg5 31. c6 Qc8 32. d6 Qf5 33. Bd5 Re2 34. Qc5 Qc2 35. Bxf7+ Kxf7 36. Qd5+ Kg7 37. Qd4+ Bf6 38. Qxd2 Rxd2 0-1

[Event "Roseto op 6th"]
[Site "Roseto"]
[Date "2014.05.31"]
[Round "2"]
[White "Marvulli, Dario"]
[Black "Colantuono, Virginia"]
[Result "1/2-1/2"]
[WhiteElo "1889"]
[BlackElo "1943"]
[PlyCount "100"]
[EventDate "2014.05.30"]
[EventType "swiss"]
[EventRounds "6"]
[EventCountry "ITA"]
[SourceTitle "EXT 2016"]
[Source "ChessBase"]
[SourceDate "2015.10.08"]
[SourceVersion "1"]
[SourceVersionDate "2015.10.08"]
[SourceQuality "1"]

1. e4 c5 2. Nc3 Nc6 3. f4 g6 4. Nf3 Bg7 5. Bc4 e6 6. d3 Nge7 7. 0-0 0-0 8. Qe1 d5 9. Bb3 Na5 10. f5 c4 11. Ba4 exf5 12. e5 a6 13. Bg5 b5 14. Nxd5 Qxd5 15. Bxe7 bxa4 16. Bxf8 Bxf8 17. Rd1 cxd3 18. Rxd3 Qc5+ 19. Kh1 Qxc2 20. Rc3 Qxb2 21. Ng5 h6 22. Nxf7 Bb7 23. Rf2 Qb6 24. e6 Be4 25. e7 Bxe7 26. Nxh6+ Kg7 27. Nxf5+ gxf5 28. Rxf5 Bxf5 29. Qxe7+ Kh6 30. Qh4+ Kg6 31. Rg3+ Kf7 32. Qh5+ Bg6 33. Rf3+ Ke7 34. Qe5+ Qe6 35. Qc7+ Ke8 36. Qxa5 Rb8 37. Rf1 Rb5 38. Qxa4 Qe2 39. Qf4 Rf5 40. Qb8+ Kf7 41. Rxf5+ Bxf5 42. Qb3+ Be6 43. Qf3+ Qxf3 44. gxf3 Bxa2 45. Kg2 Kf6 46. Kf2 Ke5 47. Ke3 a5 48. Kd3 Bd5 49. Kc3 Kf4 50. Kb2 Ke5 1/2-1/2

[Event "ITA-ch U16 Girls"]
[Site "Courmayeur"]
[Date "2013.07.03"]
[Round "6"]
[White "Paolillo, Gaia"]
[Black "Colantuono, Virginia"]
[Result "1/2-1/2"]
[WhiteElo "1903"]
[BlackElo "1853"]
[PlyCount "181"]
[EventDate "2013.06.30"]
[EventType "swiss"]
[EventRounds "9"]
[EventCountry "ITA"]
[SourceTitle "EXT 2015"]
[Source "ChessBase"]
[SourceDate "2014.11.20"]
[SourceVersion "1"]
[SourceVersionDate "2014.11.20"]
[SourceQuality "1"]

1. e4 c5 2. Nf3 d6 3. d4 cxd4 4. Qxd4 a6 5. c4 Nc6 6. Qd2 g6 7. b3 Bg7 8. Bb2 Nf6 9. Nc3 0-0 10. h3 Nd7 11. Bd3 Nc5 12. Bb1 a5 13. Nb5 Bxb2 14. Qxb2 a4 15. b4 Nd7 16. a3 Nde5 17. Nd2 Be6 18. Qc3 Rc8 19. 0-0 Qb6 20. Ba2 Nxc4 21. Nxc4 Qxb5 22. Ne3 Ne5 23. Qd4 Bxh3 24. Nd5 Qe8 25. f4 Nc6 26. Qd1 Be6 27. Nb6 Bxa2 28. Rxa2 Rd8 29. f5 Ne5 30. Nd5 Qb5 31. Nxe7+ Kh8 32. f6 Qd3 33. Qe1 Ng4 34. Qh4 Qe3+ 35. Kh1 Qh6 36. Qxh6 Nxh6 37. Rd2 Rd7 38. e5 Rfd8 39. Rfd1 Ng4 40. exd6 Nxf6 41. b5 Ne4 42. Nc6 bxc6 43. bxc6 Rxd6 44. c7 Rc8 45. Rxd6 Nxd6 46. Rxd6 Rxc7 47. Rd4 Ra7 48. Kh2 Kg7 49. Kg3 Kf6 50. Kf3 Ke5 51. Rb4 f5 52. g3 Ra6 53. Ke3 g5 54. Rb5+ Kf6 55. Rb4 h5 56. Kf3 Ke6 57. Ke3 Kf6 58. Kf3 Kg6 59. Rc4 Kf6 60. Rb4 Ke5 61. Rb5+ Ke6 62. Rb4 Ra5 63. Rd4 Ke5 64. Rb4 Kd5 65. Ke3 Kc5 66. Kf3 Ra8 67. Kf2 Ra5 68. Kf3 Kd5 69. Ke3 Ke5 70. Kf3 g4+ 71. Ke3 Ra6 72. Rb5+ Ke6 73. Rb4 Ra5 74. Kf4 Kf6 75. Rb6+ Ke7 76. Rb7+ Ke6 77. Rb6+ Ke7 78. Rb7+ Kd6 79. Rb6+ Kc7 80. Rb4 Kc6 81. Kg5 Rc5 82. Rxa4 Rc3 83. Kh4 Kb5 84. Ra8 f4 85. gxf4 Rh3+ 86. Kg5 g3 87. Rb8+ Ka4 88. Rb1 Rh2 89. f5 h4 90. Rg1 Rf2 91. Kxh4 1/2-1/2

[Event "Montesilvano Adriatico op 2nd"]
[Site "Montesilvano"]
[Date "2013.03.02"]
[Round "3"]
[White "Colantuono, Virginia"]
[Black "Capone, Vincenzo"]
[Result "0-1"]
[WhiteElo "1812"]
[BlackElo "2185"]
[PlyCount "82"]
[EventDate "2013.03.01"]
[EventType "swiss"]
[EventRounds "5"]
[EventCountry "ITA"]
[SourceTitle "CBM 153 Extra"]
[Source "ChessBase"]
[SourceDate "2013.04.22"]
[SourceVersion "1"]
[SourceVersionDate "2013.04.22"]
[SourceQuality "1"]

1. e4 c5 2. Nf3 d6 3. d4 cxd4 4. Nxd4 Nf6 5. Nc3 Nc6 6. Bc4 e5 7. Nde2 Be6 8. Bb3 Be7 9. 0-0 0-0 10. Ng3 Nd4 11. Nd5 Nxd5 12. exd5 Bd7 13. c3 Nxb3 14. Qxb3 b5 15. Be3 g5 16. f3 f5 17. Bf2 Qe8 18. Rfe1 Qg6 19. a4 bxa4 20. Qb7 Qe8 21. Bxa7 Qc8 22. Qxc8 Rfxc8 23. Bf2 Kf7 24. Nf1 Rab8 25. Re2 Rb3 26. Rc2 Rcb8 27. Ra2 R3b7 28. Nd2 h5 29. Kf1 g4 30. Ke2 Bg5 31. h4 Bxd2 32. Kxd2 g3 33. Bg1 f4 34. Ke2 Bb5+ 35. c4 Rc8 36. Kd3 Rbc7 37. cxb5 Rxc2 38. Rxa4 Rxg2 39. Ba7 Rxb2 40. b6 Rb3+ 41. Ke4 Kf6 0-1

[Event "Montesilvano Adriatico op 2nd"]
[Site "Montesilvano"]
[Date "2013.03.02"]
[Round "2"]
[White "Messina, Enrico"]
[Black "Colantuono, Virginia"]
[Result "1/2-1/2"]
[WhiteElo "2222"]
[BlackElo "1812"]
[PlyCount "120"]
[EventDate "2013.03.01"]
[EventType "swiss"]
[EventRounds "5"]
[EventCountry "ITA"]
[SourceTitle "CBM 153 Extra"]
[Source "ChessBase"]
[SourceDate "2013.04.22"]
[SourceVersion "1"]
[SourceVersionDate "2013.04.22"]
[SourceQuality "1"]

1. e4 c5 2. d4 cxd4 3. c3 d3 4. Bxd3 Nc6 5. c4 g6 6. Nf3 Bg7 7. 0-0 d6 8. h3 Nf6 9. Nc3 0-0 10. Be3 Nd7 11. Rc1 Nc5 12. Bb1 Be6 13. Qe2 Qa5 14. Nd5 Bxd5 15. exd5 Ne5 16. Nd4 Ned7 17. Rfd1 Nf6 18. a3 Qd8 19. b4 Ncd7 20. Nb3 a5 21. Nxa5 Rxa5 22. bxa5 Qxa5 23. Rd3 Ne4 24. Qe1 Qa6 25. Bd4 Nec5 26. Bxc5 Nxc5 27. Rf3 Bf6 28. Qb4 Ra8 29. Re1 Kg7 30. Bd3 Qxa3 31. Qxa3 Rxa3 32. Be2 Ra2 33. Bf1 Ra4 34. Rb1 Ra2 35. Re3 Ra4 36. g3 Ra2 37. Kg2 Kf8 38. Re2 Ra3 39. h4 Kg7 40. Ree1 Ra2 41. Re3 Kf8 42. Re2 Ra3 43. f3 Ra4 44. Rc2 Ra3 45. Be2 Kg7 46. h5 Ra4 47. f4 Ra3 48. g4 h6 49. hxg6 fxg6 50. Rf1 Ne4 51. Bf3 Nc5 52. Be2 Ne4 53. Rf3 Ra1 54. Bd3 Nc5 55. Be2 Ne4 56. Rf1 Ra3 57. Rf3 Ra1 58. Rf1 Ra3 59. Bf3 Nc5 60. Be2 Ne4 1/2-1/2

[Event "EU-ch U16 Girls"]
[Site "Prague"]
[Date "2012.08.21"]
[Round "5"]
[White "Sroubova, Lenka"]
[Black "Colantuono, Virginia"]
[Result "1/2-1/2"]
[WhiteElo "1772"]
[BlackElo "1892"]
[PlyCount "76"]
[EventDate "2012.08.17"]
[EventType "swiss"]
[EventRounds "9"]
[EventCountry "CZE"]
[SourceTitle "CBM 150 Extra"]
[Source "ChessBase"]
[SourceDate "2012.10.19"]
[SourceVersion "1"]
[SourceVersionDate "2012.10.19"]
[SourceQuality "1"]

1. d3 d5 2. g3 Nf6 3. Bg2 g6 4. Nf3 Bg7 5. 0-0 0-0 6. Nbd2 c5 7. e4 d4 8. Nc4 Nc6 9. a4 h6 10. Qe2 Be6 11. Nfe5 Nxe5 12. Nxe5 Nd7 13. Nxd7 Qxd7 14. f4 Bh3 15. b3 Bxg2 16. Qxg2 b6 17. Bd2 a6 18. f5 b5 19. Qh3 g5 20. Qg4 Kh7 21. Qh5 f6 22. h4 Qe8 23. Qg4 h5 24. Qe2 g4 25. Rfb1 Qc6 26. Qf1 Bh6 27. Bxh6 Kxh6 28. Ra2 b4 29. Qf4+ Kg7 30. Raa1 Qd6 31. Rf1 Qe5 32. Rae1 a5 33. Kg2 Rab8 34. Re2 Rf7 35. Ree1 Rff8 36. Re2 Rf7 37. Ree1 Rff8 38. Re2 Rf7 1/2-1/2

[Event "ITA-ch (Women) 39th"]
[Site "Acqui Terme"]
[Date "2012.07.27"]
[Round "6"]
[White "Colantuono, Virginia"]
[Black "Arnetta, Maria Teresa"]
[Result "0-1"]
[WhiteElo "1866"]
[BlackElo "2013"]
[PlyCount "110"]
[EventDate "2012.07.23"]
[EventType "swiss"]
[EventRounds "8"]
[EventCountry "ITA"]
[SourceTitle "EXT 2023"]
[Source "ChessBase"]
[SourceDate "2022.10.05"]
[SourceVersion "1"]
[SourceVersionDate "2022.10.05"]
[SourceQuality "1"]

1. e4 c5 2. Nf3 Nc6 3. d4 cxd4 4. Nxd4 e5 5. Nb5 a6 6. Nd6+ Bxd6 7. Qxd6 Qf6 8. Qxf6 Nxf6 9. Nc3 Nb4 10. Bd3 d5 11. exd5 Nxd3+ 12. cxd3 Bf5 13. 0-0 Bxd3 14. Re1 Kd7 15. Rxe5 Rhe8 16. Bf4 b5 17. Rd1 Bg6 18. Rd4 Nh5 19. Re3 Nxf4 20. Rxf4 Kd6 21. h4 h5 22. a4 Reb8 23. axb5 axb5 24. b4 Ra1+ 25. Kh2 Rc1 26. Rd4 Rb7 27. Kg3 Rc2 28. f3 Rb8 29. Rd1 Rb2 30. Ra1 Rxb4 31. Ra6+ Kc5 32. Rc6+ Kd4 33. Re7 Rc4 34. Rec7 Rxc6 35. Rxc6 b4 36. Nd1 Kxd5 37. Rc7 b3 38. Nb2 Kd6 39. Rc4 Rb7 40. Kf4 Bc2 41. Ke3 Ra7 42. Kd2 Ra1 43. g4 Rb1 44. Kc3 Rf1 45. Rd4+ Ke6 46. Rf4 hxg4 47. Rxg4 Rxf3+ 48. Kd2 g6 49. Rg2 Rh3 50. Rg4 Kf5 51. Rc4 Rg3 52. Rc5+ Kg4 53. Rc4+ Kh5 54. Rf4 f5 55. Nc4 Rg4 0-1

[Event "ITA-ch (Women) 39th"]
[Site "Acqui Terme"]
[Date "2012.07.26"]
[Round "5"]
[White "Monticone, Sonia"]
[Black "Colantuono, Virginia"]
[Result "1/2-1/2"]
[WhiteElo "1882"]
[BlackElo "1866"]
[PlyCount "70"]
[EventDate "2012.07.23"]
[EventType "swiss"]
[EventRounds "8"]
[EventCountry "ITA"]
[SourceTitle "EXT 2023"]
[Source "ChessBase"]
[SourceDate "2022.10.05"]
[SourceVersion "1"]
[SourceVersionDate "2022.10.05"]
[SourceQuality "1"]

1. e4 c5 2. Nf3 d6 3. d4 cxd4 4. Nxd4 Nf6 5. Nc3 a6 6. Be3 e5 7. Nb3 Be6 8. f4 Ng4 9. Bd2 exf4 10. Bxf4 Nc6 11. Qd2 Be7 12. 0-0-0 Nce5 13. h3 Nf6 14. g4 h6 15. Qg2 Qc7 16. Nd5 Bxd5 17. exd5 Nfd7 18. h4 0-0-0 19. Rh3 Kb8 20. Rc3 Qb6 21. Be3 Nc5 22. Nxc5 dxc5 23. Rb3 Qd6 24. Bf4 Nd3+ 25. Bxd3 Qxf4+ 26. Kb1 c4 27. Rf1 Qd4 28. Bxc4 Qxc4 29. d6 Rd7 30. dxe7 Rxe7 31. Rd1 Rhe8 32. a3 Qc7 33. Qd5 Re2 34. Rc3 Qe7 35. Qd6+ Qxd6 1/2-1/2

[Event "EU-ch U14 Girls"]
[Site "Albena"]
[Date "2011.09.15"]
[Round "5"]
[White "Machlik, Monika"]
[Black "Colantuono, Virginia"]
[Result "1/2-1/2"]
[WhiteElo "1690"]
[BlackElo "1804"]
[PlyCount "75"]
[EventDate "2011.09.11"]
[EventType "swiss"]
[EventRounds "9"]
[EventCountry "BUL"]
[SourceTitle "CBM 144 Extra"]
[Source "ChessBase"]
[SourceDate "2011.10.28"]
[SourceVersion "1"]
[SourceVersionDate "2011.10.28"]
[SourceQuality "1"]

1. d4 Nf6 2. c4 g6 3. Nf3 Bg7 4. Nc3 0-0 5. e4 d6 6. Bd3 Nbd7 7. 0-0 c5 8. Be3 Ng4 9. Qe2 Nxe3 10. fxe3 h6 11. Kh1 Nf6 12. h3 a6 13. Rad1 Nh5 14. Qf2 cxd4 15. exd4 Nf4 16. Qe3 Nxd3 17. Qxd3 e6 18. Rf2 Bd7 19. b3 Qa5 20. Rc2 Rac8 21. Ne2 Rfd8 22. Rdc1 Bc6 23. d5 Bd7 24. dxe6 Bxe6 25. Ned4 Qh5 26. Rf1 g5 27. Rcf2 g4 28. Nxe6 fxe6 29. Nd2 gxh3 30. Qxh3 Qxh3+ 31. gxh3 Rf8 32. Kg2 Rxf2+ 33. Rxf2 Rf8 34. Rxf8+ Kxf8 35. Kg3 Kf7 36. Nf3 Kf6 37. Kf4 Bf8 38. Nd2 1/2-1/2